WEEDS IDENTIFICATION AND MEDICINAL USE (Record no. 19465)

MARC details
000 -LEADER
fixed length control field 00309nam a22001337a 4500
003 - CONTROL NUMBER IDENTIFIER
control field SGT
020 ## - INTERNATIONAL STANDARD BOOK NUMBER
International Standard Book Number 978-93-83692-44-6
082 ## - DEWEY DECIMAL CLASSIFICATION NUMBER
Classification number 630
Item number WAL
100 ## - MAIN ENTRY--PERSONAL NAME
Personal name WALIA, U.S.
245 ## - TITLE STATEMENT
Title WEEDS IDENTIFICATION AND MEDICINAL USE
260 ## - PUBLICATION, DISTRIBUTION, ETC. (IMPRINT)
Place of publication, distribution, etc INDIA
Name of publisher, distributor, etc SCIENTIFIC PUB.
Year of Publication 2019
300 ## - PAGE DESCRIPTION
No. of Pages 137
942 ## - ADDED ENTRY ELEMENTS (KOHA)
Source of classification or shelving scheme Dewey Decimal Classification
Koha item type Books
942 ## - ADDED ENTRY ELEMENTS (KOHA)
-- 4
Holdings
Withdrawn status Lost status Source of classification or shelving scheme Damaged status Not for loan Home library Current library Shelving location Date acquired Vendor Name Cost, normal purchase price SGTU Bill Number Total Checkouts Full call number Accession No. (Barcode) Date last seen Date last borrowed Bill Date Koha item type
    Dewey Decimal Classification     SGT Science & Social Sciences Library SGT Science & Social Sciences Library Text Book 16/11/2019 SGTU 1450.00 SGTU LB2234 2 630 WAL AG1554 06/03/2023 23/02/2023 16/11/2019 Books
    Dewey Decimal Classification     SGT Science & Social Sciences Library SGT Science & Social Sciences Library Text Book 16/11/2019 SGTU 1450.00 SGTU LB2234 5 630 WAL AG1555 10/10/2024 03/10/2024 16/11/2019 Books